000 00834nam a2200277 4500
999 _c121076
_d121076
001 K121076
007 ta
008 190808b2019 ||||| |||| 00| 0 eng d
041 _aeng
245 _aThe big data 20
260 _c2019
490 _aRICS Modus
_vJuly/August 2019, 11-26(16)
520 _aOverview of the role of Big Data taking twenty examples of how it is being used in the property and construction industries.
650 _aBig Data
650 _aautomated valuation models
650 _aartificial intelligence
650 _aBIM
650 _acities
650 _aautomation
650 _aProptech
650 _a3D printing
651 _aUnited Kingdom 1973
690 _96274
_aPropTech
856 _uhttps://issuu.com/ricsmodus/docs/modus_julaug19
_yAvailable free online via Issuu
942 _2ddc